| 000 | 00364nam a2200157Ia 4500 | ||
|---|---|---|---|
| 005 | 20250425161615.0 | ||
| 008 | 250425s9999 xx 000 0 und d | ||
| 041 | _aeng | ||
| 082 | _aIBM4381 | ||
| 245 | 0 | _aSR 20-7512 MANAGING THE IMPLEMENTARION PHASE | |
| 250 | _aS.E. | ||
| 260 | _aS.L. | ||
| 260 |
_aSin Pais _bS.E. _c1900 |
||
| 942 | _c01 | ||
| 010 | _a24129 | ||
| 999 |
_c212472 _d212472 |
||